| 000 | 00852ctm a22002175a 4500 | ||
|---|---|---|---|
| 001 | L140924 | ||
| 008 | 071017s1956 xxk eng u | ||
| 035 | _a(Sirsi) u140924 | ||
| 041 | 0 | _aeng | |
| 100 | 1 | _aPooley, F. B. | |
| 245 | 0 | 0 |
_aBuckinghamshire County Council (Education Committee) _bbills of quantities for the erection and completion of a primary school at Mitchell Walk, Amersham, Buckinghamshire |
| 260 | _cJanuary 1956 | ||
| 300 |
_a1 v. _c32 cm. |
||
| 340 | _aTypescript | ||
| 351 | _aSingle item | ||
| 500 | _aPages inserted at the front give figures for the erection of Amersham Primary School, Rolls Road Primary School and a secondary school at Cuckoo Lane, Liverpool. | ||
| 651 | 4 | _aBuckinghamshire | |
| 690 | _aPROPERTY-OTHER PROPERTY TYPES-SCHOOL PROPERTY-SCHOOLS | ||
| 700 | 1 | _aJohnson-Marshall, S. A. W. | |
| 942 | _n0 | ||
| 999 |
_c116533 _d116533 |
||